| 000 | 00463pam a2200181 a 4500 | ||
|---|---|---|---|
| 020 | _a069726260X | ||
| 040 | _cDLC | ||
| 082 | 0 | 0 | _a306 MCG 1999 A076 Or. |
| 100 | 1 | _aByer, Curtis O. | |
| 245 | 1 | 0 | _aDimensions of human sexuality / |
| 250 | _a5th ed. | ||
| 260 |
_aDubuque, IA : _bMcGraw-Hill, _c1999. |
||
| 300 |
_axxvi, 646 p. : _bill. (some col.) ; _c28 cm. |
||
| 650 | 0 | _aSex. | |
| 700 | 1 | _aShainberg, Louis W. | |
| 700 | 1 | _aGalliano, Grace, | |
| 942 | _cEK | ||
| 999 |
_c15431 _d15431 |
||